[Event "18th IRI-chT Super League 2019"]
[Site "Tehran"]
[Date "2019.11.25"]
[Round "5.1"]
[White "Mousavi, Emadeddin"]
[Black "Maghsoodloo, Parham"]
[Result "0-1"]
[WhiteElo "1920"]
[BlackElo "2684"]
[Annotator "TA"]
[PlyCount "72"]
[EventDate "2019.11.23"]
[EventType "team-tourn"]
[EventCountry "IRI"]
[SourceTitle "playchess.com"]
[Source "ChessBase"]
[SourceQuality "1"]

{[%evp 14,72,60,54,60,33,44,27,21,12,22,23,41,10,26,-7,0,6,28,3,28,-7,0,0,0,0,11,0,0,0,0,0,0,0,0,0,-4,-14,-31,-97,-87,-87,-77,-137,-133,-162,-147,-115,-111,-98,-85,-186,-184,-285,-279,-310,-306,-373,-429,-673,-595]} 1. e4 c5 2. Nf3 Nc6 3. d4 cxd4 4. Nxd4 e6 5. Nc3 d6 6. Be3 Nf6 7. f3 a6 8. Qd2 h5 {B80: Sicilian Scheveningen: 6 g3 and 6 Be3, including English Attack} 9. Bc4 (9. O-O-O Qc7 10. Kb1 Bd7 11. Nxc6 Bxc6 12. Bd3 Be7 13. Ne2 b5 14. Nd4 Bb7 15. Bg5 g6 16. Rhe1 {½-½ (27) Bruzon Batista,L (2657)-Gareyev,T (2584) Las Vegas 2019}) 9... Bd7 10. O-O $146 ({Predecessor:} 10. Nxc6 Bxc6 11. Bb3 Be7 12. O-O O-O 13. Rad1 b5 14. Ne2 Qb8 15. Nd4 {½-½ (49) Petukhov,D (2332)-Voitsekhovsky,S (2549) Kazan 2012}) 10... Na5 {White has an edge.} 11. Bb3 Qc7 12. Rad1 b5 13. Rfe1 Be7 14. Qf2 {And now Nxe6! would win.} Nc4 15. Bxc4 Qxc4 16. a3 a5 17. Qe2 (17. Nb3 {seems wilder.} e5 18. Bg5 Qc6 19. Bxf6 Bxf6 20. f4) 17... Rb8 18. Qxc4 bxc4 19. Bc1 h4 20. g4 hxg3 21. hxg3 g6 22. a4 Rb4 23. Ndb5 Bxb5 24. Nxb5 Kd7 25. c3 Rxa4 26. Bf4 ({Better is} 26. Nxd6 $15 Bxd6 27. Bf4) 26... d5 $17 27. Be5 Rh5 28. exd5 (28. Bd4 $142) 28... Nxd5 29. g4 Rh7 $1 30. Nc7 Kc6 31. Nxd5 exd5 32. Re2 {[#]} (32. Bd4 $17 {might work better.} Bd6 33. Re8) 32... Ra2 $1 $19 33. Red2 {[#]} (33. Bg3 {was worth a try.} Bc5+ 34. Kg2) 33... a4 $1 34. Kg2 f6 35. Bg3 Bc5 36. Re2 (36. g5 $142 Rb7 37. gxf6 Rbxb2 38. Be1) 36... Re7 {Accuracy: White = 31%, Black = 67%.} 0-1

[Event "18th IRI-chT Super League 2019"]
[Site "Tehran"]
[Date "2019.11.25"]
[Round "5.2"]
[White "Ghaem Maghami, Ehsan"]
[Black "Hosseinzadeh, Nima"]
[Result "1-0"]
[WhiteElo "2552"]
[BlackElo "2247"]
[Annotator "TA"]
[PlyCount "101"]
[EventDate "2019.11.23"]
[EventType "team-tourn"]
[EventCountry "IRI"]
[SourceTitle "playchess.com"]
[Source "ChessBase"]
[SourceQuality "1"]

{[%evp 9,101,0,0,0,10,0,15,0,20,8,8,0,0,6,9,9,8,18,22,3,12,12,16,0,8,5,14,8,16,0,0,0,0,0,0,0,30,15,17,0,16,0,23,18,14,0,39,25,41,30,32,29,41,35,59,58,59,59,59,59,67,59,66,66,64,59,333,316,343,339,334,172,876,845,839,827,847,345,752,739,614,0,531,0,824,821,1370,1380,2557,2496,2035,1303,1659,517]} 1. c4 e5 2. Nc3 Nf6 3. Nf3 Nc6 4. e4 Bb4 5. d3 d6 6. a3 {A28: English Opening: Four Knights Variation} (6. Be2 Bg4 7. a3 Bc5 8. b4 Bb6 9. Be3 Bxf3 10. Bxf3 Nd4 11. Na4 Nxf3+ 12. Qxf3 Bxe3 13. Qxe3 O-O {½-½ (36) Carlsen,M (2882)-Giri,A (2779) Saint Louis 2019}) 6... Bc5 7. b4 Bb6 8. Na4 {The position is equal.} Bg4 9. Nxb6 axb6 10. Bb2 Nd7 11. Be2 Bxf3 12. Bxf3 Qf6 $146 ({Predecessor:} 12... Nf8 13. d4 Nxd4 14. Bxd4 exd4 15. Qxd4 {½-½ (63) Baghdasaryan,V (2368)-Alsina Leal,D (2540) Groningen 2014}) 13. O-O Nf8 14. Bg4 h5 15. Bf5 (15. Bxh5 $2 Qh4 $19) 15... g6 16. Bh3 g5 {White must now prevent ...g4.} 17. Bf5 Ne6 18. Bxe6 fxe6 19. Qd2 Rf8 20. f3 Kd7 21. Rf2 Rf7 22. Raf1 Raf8 23. Bc1 Rg8 24. Bb2 Rgf8 25. Bc1 Rg8 26. Qd1 Ra8 27. Bb2 Qg7 28. f4 gxf4 29. Rxf4 Rxf4 30. Rxf4 {[%mdl 64] Pin} Qg6 31. Rf2 Ke7 32. Qf3 Rg8 33. h4 Nd8 34. Bc1 Nf7 35. Kh2 Rg7 36. Be3 Kd7 37. Kg1 Nh6 $2 {[%mdl 8192]} (37... Kd8 $14) 38. Qf8 $1 $18 Nf7 39. b5 Rh7 40. a4 (40. Qb8 $142 {And now Bg5 would win.} Qg3 41. Bxb6 $1 {[%mdl 512]} cxb6 42. Qxb7+ {[%mdl 64] Double Attack} Ke8 43. Qc6+ (43. Qxb6 Nd8 $16) 43... Ke7 44. Qxb6) 40... Qg7 $2 (40... Nd8 41. Bg5 Qe8) 41. Qb8 Qg3 42. Bd2 Rg7 43. Qf8 (43. Qxb7 Nd8 $18) (43. a5 $142 Nd8 44. a6 bxa6 45. bxa6 Qxd3 46. a7) 43... Qg6 $2 (43... Nd8 44. Bg5 Rxg5 45. hxg5 Qxg5) 44. Be3 Rh7 45. Qb8 {a5 is the strong threat.} Qg3 $1 46. Bd2 (46. Bxb6 $142 cxb6 47. Qxb7+ {[%mdl 64] Double Attack} Ke8 48. Qc6+ Ke7 49. a5) 46... Rg7 $1 {intending ...Nd8.} ({But not} 46... Qxd3 $2 {[#]} 47. Qg8 $1 $18 {[%mdl 512]}) 47. a5 {White is clearly winning.} ({Less strong is} 47. Qxb7 Nd8 $18) 47... bxa5 48. b6 cxb6 49. Qxb7+ {[%mdl 64] Double Attack} Ke8 50. Bg5 Nxg5 51. Qc8+ {Accuracy: White = 62%, Black = 53%.} 1-0

[Event "18th IRI-chT Super League 2019"]
[Site "Tehran"]
[Date "2019.11.25"]
[Round "5.3"]
[White "Khatibi, Meysam"]
[Black "Gholami, Aryan"]
[Result "1-0"]
[WhiteElo "2167"]
[BlackElo "2549"]
[Annotator "TA"]
[PlyCount "77"]
[EventDate "2019.11.23"]
[EventType "team-tourn"]
[EventCountry "IRI"]
[SourceTitle "playchess.com"]
[Source "ChessBase"]
[SourceQuality "1"]

{[%evp 9,77,0,26,0,0,0,2,-20,41,-20,0,0,0,-45,0,-18,10,14,0,10,5,-1,6,14,49,34,32,41,32,30,33,39,128,131,139,146,145,-22,-17,-31,-26,-33,-14,-38,0,0,0,-25,0,0,0,0,0,-84,-90,-87,-6,-127,-117,-231,-221,-243,-227,-194,29993,29994,29994,29995,29998,29999]} 1. e4 c5 2. Nf3 e6 3. c3 Nf6 4. e5 Nd5 5. Bc4 b6 6. a4 $146 {B22: Sicilian: 2 c3} ({Predecessor:} 6. d4 Bb7 7. O-O Be7 8. dxc5 bxc5 9. Nbd2 O-O 10. Ne4 f5 11. Nd6 Bxd6 12. exd6 Qf6 13. Re1 Nb6 {1-0 (36) Grandelius,N (2651)-Gledura,B (2615) Malmo 2018}) 6... Bb7 7. O-O Be7 8. Na3 {The position is equal.} a6 (8... O-O $11) 9. Nc2 ({Better is} 9. d4 $14) 9... Qc7 10. Re1 d6 11. Bf1 Nd7 {[%cal Rd6e5]} 12. c4 {exd6 is the strong threat.} Nf4 {[%cal Rd7e5]} 13. d4 Ng6 {[%cal Rd6e5]} 14. exd6 Bxd6 15. a5 O-O 16. axb6 Nxb6 17. b4 $1 $36 {[%cal Rb4c5][%mdl 2048] White has good play.} cxb4 18. c5 Bxf3 19. Qxf3 Nd5 ({Of course not} 19... Bxh2+ $6 20. Kh1 $16) 20. g3 a5 (20... Be7 $14) 21. Ne3 $1 $16 {[%cal Re3d5]} Be7 22. Nxd5 exd5 23. Bb5 $2 (23. Qxd5 $16 Bf6 24. Qc4) 23... Bf6 $11 24. Rd1 (24. Qxd5 $2 Rfd8 $19) 24... Rfd8 {Threatens to win with ...Bxd4!} 25. Ba4 Qc8 26. Kg2 Nf8 27. Be3 Ne6 28. Rab1 Qa6 (28... Bg5 {feels hotter.} 29. Re1 Ra6 30. Ra1 Bxe3 31. Qxe3 Nc7) 29. h4 Nc7 30. h5 Nb5 31. Bxb5 (31. Rbc1 $11 {keeps the balance.}) 31... Qxb5 $17 32. h6 a4 (32... Ra6 $17) 33. hxg7 $11 Bxg7 34. Qg4 {[#]} (34. Rh1 $17 Ra6 35. Rxh7 (35. Bd2 b3 $17)) 34... Ra6 $1 $19 35. Bg5 Re8 36. Re1 {White wants to mate with c6!} b3 $4 {[%mdl 8192] [#]} (36... Rea8 $19 37. Qf3 Bxd4) 37. c6 $1 {White mates.} Rxe1 38. Rxe1 Qxc6 {[#]} 39. Bf6 $1 {[%mdl 576] Pin, Back Rank. Accuracy: White = 59%, Black = 44%.} 1-0

[Event "18th IRI-chT Super League 2019"]
[Site "Tehran"]
[Date "2019.11.25"]
[Round "5.4"]
[White "Pourramezanali, Amirreza"]
[Black "Khalesi, Vahid"]
[Result "0-1"]
[WhiteElo "2486"]
[BlackElo "2256"]
[Annotator "TA RC"]
[PlyCount "66"]
[EventDate "2019.11.23"]
[EventType "team-tourn"]
[EventCountry "IRI"]
[SourceTitle "playchess.com"]
[Source "ChessBase"]
[SourceQuality "1"]

{[%evp 18,66,15,8,31,28,26,19,17,29,22,16,29,0,25,23,47,15,18,0,0,5,16,0,9,0,7,-23,-27,-54,-24,-102,-71,-91,-75,-409,-395,-420,-402,-450,-449,-434,-439,-420,-414,-713,-726,-845,-827,-2155,-2152]} 1. d4 e6 2. g3 d5 3. Bg2 Nf6 4. c4 Be7 5. Nf3 O-O 6. O-O dxc4 7. Qc2 a6 8. a4 Bd7 9. Qxc4 Bc6 10. Bg5 h6 {...Bd5 is the strong threat. E05: Open Catalan: 5 Nf3 Be7} (10... Nbd7 11. Nc3 h6 12. Bxf6 Nxf6 13. Rfd1 Bd5 14. Qd3 Bxf3 15. Bxf3 c6 16. e3 a5 17. h4 h5 18. e4 g6 19. Qe3 Re8 {1-0 (47) Grischuk,A (2759)-Dominguez Perez,L (2763) Khanty-Mansiysk 2019}) 11. Bxf6 Bxf6 12. Rd1 a5 {The position is equal.} 13. Nc3 Na6 14. e4 Nb4 15. Qe2 g6 $146 ({Predecessor:} 15... b6 16. Rac1 Bb7 {1-0 (53) Saduakassova,D (2460)-Papp,P (2313) Riadh 2017}) 16. Rac1 Qe8 17. b3 Bg7 18. Qe3 Rd8 19. h4 Qe7 20. Rd2 Rd7 21. Rcd1 Rfd8 22. h5 g5 23. Bh3 {Black should prevent d5!} f5 $1 24. d5 (24. Bg2 $11) 24... exd5 $17 {Threatens to win with ...g4.} 25. Bxf5 {[#]} d4 $1 $36 {[%cal Rd4e3][%mdl 2112] Decoy. Black is on the roll.} 26. Nxd4 $2 {[%mdl 8192]} (26. Rxd4 $17 {nothing else works.} Bxd4 27. Nxd4) 26... Rxd4 $19 {[%mdl 64] Remove Defender} 27. Rxd4 Rxd4 28. Rxd4 {Hoping for Rd2.} Nc2 {[%mdl 64] Double Attack} 29. Qd3 Nxd4 30. Bg4 Qb4 31. e5 (31. Nd5 $142 Qd6 32. Qc4) 31... Bxe5 {Black is clearly winning.} 32. Qg6+ Bg7 33. Be6+ {[#]} Kh8 $1 {Accuracy: White = 26%, Black = 74%.} 0-1

[Event "18th IRI-chT Super League 2019"]
[Site "Tehran"]
[Date "2019.11.25"]
[Round "5.5"]
[White "Parvin, Zahra"]
[Black "Zahedifar, Anahita"]
[Result "0-1"]
[WhiteElo "1587"]
[BlackElo "2074"]
[Annotator "NA RC"]
[PlyCount "58"]
[EventDate "2019.11.23"]
[EventType "team-tourn"]
[EventCountry "IRI"]
[SourceTitle "playchess.com"]
[Source "ChessBase"]
[SourceQuality "1"]
[TimeControl "5400+30"]

{[%evp 17,58,16,7,17,19,-77,-76,-124,-124,32767,32767,32767,32767,32767,32767,32767,32767,32767,32767,-609,-683,-738,32767,32767,32767,32767,-776,-1245,-1841,-1411,-2750,-1806,-2850,-5831,-1805,-1641,-798,32767,32767,-1090,-1043,-29994,-29994]} 1. e4 {[%emt 0:05:17]} c6 {[%emt 0:00:00]} 2. d4 {[%emt 0:00:11]} d5 {[%emt 0:00:00]} 3. exd5 {[%emt 0:00:21]} cxd5 {[%emt 0:00:00]} 4. Bd3 {[%emt 0:00:08]} Nf6 {[%emt 0:00:00]} 5. c3 {[%emt 0:01:31]} Bg4 {[%emt 0:00:17]} 6. Qb3 {[%emt 0:02:25]} Qc7 {[%emt 0:01:06]} 7. f3 $146 {[%emt 0:03:45] B13: Caro-Kann: Exchange Variation and Panov-Botvinnik Attack} (7. h3 Bh5 8. g4 Bg6 9. Bxg6 hxg6 10. g5 Nfd7 11. Qxd5 e5 12. Ne2 Nc6 13. Be3 Nb6 14. Qe4 O-O-O {0-1 (44) Tukhaev,A (2542)-Mchedlishvili,M (2608) Ankara 2018}) 7... Bh5 {[%emt 0:02:11]} 8. Bf4 {[%emt 0:06:39]} Qc8 {[%emt 0:08:38]} 9. g4 {[%emt 0:13:09]} Bg6 {[%emt 0:01:04]} 10. Bxg6 {[%emt 0:00:53]} hxg6 {[%emt 0:00:07]} 11. g5 {[%emt 0:00:17] [#]} (11. h4 $11) 11... Nh5 $1 {[%emt 0:05:01]} 12. Bxb8 {[%emt 0:08:11]} Rxb8 {[%emt 0:00:11]} 13. Ne2 {[%emt 0:04:56]} e6 {[%emt 0:03:12]} 14. Qa4+ {[%emt 0:04:55]} b5 {[%emt 0:02:45]} 15. Qxa7 {[%emt 0:01:29]} Bd6 {[%emt 0:00:08]} 16. a4 {[%emt 0:04:31]} b4 {[%emt 0:02:54]} 17. Nd2 {[%emt 0:09:19]} bxc3 {[%emt 0:01:19]} 18. bxc3 {[%emt 0:05:06]} Qc6 {[%emt 0:00:34]} 19. Rb1 {[%emt 0:02:36]} Rxb1+ {[%emt 0:02:38]} 20. Nxb1 {[%emt 0:00:12]} O-O {[%emt 0:00:49]} 21. Qa5 {[%emt 0:02:42]} Rb8 {[%emt 0:01:29]} 22. O-O {[%emt 0:01:05]} Qc4 {[%emt 0:01:50]} 23. Re1 {[%emt 0:03:03]} Qd3 {[%emt 0:00:07]} 24. c4 {[%emt 0:07:17]} Qe3+ {[%emt 0:00:38]} 25. Kg2 {[%emt 0:01:08] [#]} Bb4 {[%emt 0:01:22]} (25... Rxb1 $142 $1 {[%mdl 512]} 26. cxd5 (26. Rxb1 Qxe2+) 26... Rxe1 27. Qxe1 {[#]} Nf4+ $1 {[%mdl 512]} 28. Nxf4 Qxe1 29. Nd3 Qe2+ 30. Kg1 Qxd3 31. dxe6 fxe6 32. Kf2 Bf4 33. Kg1 Qxf3 34. h3 Be3+ {[%mdl 64] Double Attack} 35. Kh2 Qf2+ 36. Kh1 Qg1#) 26. Qc7 {[%emt 0:02:01]} Rf8 {[%emt 0:00:08]} (26... Bxe1 $142 27. Qxb8+ {[#]} Kh7 $1 {[%mdl 512]}) 27. Rf1 {[%emt 0:02:49]} Qxe2+ {[%emt 0:00:14]} 28. Rf2 {[%emt 0:00:18]} Qe3 {[%emt 0:00:11]} 29. Qb6 {[%emt 0:01:13]} Qxg5+ {[%emt 0:00:14]} 0-1

[Event "18th IRI-chT Super League 2019"]
[Site "Tehran"]
[Date "2019.11.25"]
[Round "5.6"]
[White "Idani, Pouya"]
[Black "Darini, Pouria"]
[Result "1/2-1/2"]
[WhiteElo "2570"]
[BlackElo "2427"]
[Annotator "TA"]
[PlyCount "68"]
[EventDate "2019.11.23"]
[EventType "team-tourn"]
[EventCountry "IRI"]
[SourceTitle "playchess.com"]
[Source "ChessBase"]
[SourceQuality "1"]

{[%evp 15,68,0,16,0,0,0,0,0,20,-10,1,-11,0,0,0,-1,0,-4,22,-1,0,4,0,-12,0,-56,-56,-65,-72,-67,-70,-70,-64,-72,-54,-61,-61,-64,-39,-45,-58,-64,-64,-71,-71,-78,-83,-96,-96,-96,-96,-96,-18,-96,-96]} 1. e4 c5 2. Nf3 Nc6 3. Bb5 g6 4. O-O Bg7 5. c3 Nf6 6. Re1 O-O 7. h3 Qb6 8. Na3 a6 9. Ba4 {B31: Sicilian: 2...Nc6 3 Bb5 g6} (9. Bf1 Rd8 10. e5 Ne8 11. d4 cxd4 12. cxd4 d5 13. Nc2 Bf5 14. Bd3 Bxd3 15. Qxd3 a5 16. h4 Nc7 {½-½ (31) Vasiukov,E (2403)-Veremeichik,V (2293) Yerevan 2016}) 9... d6 10. d4 cxd4 $146 ({Predecessor:} 10... Qc7 11. d5 Nb8 12. c4 Bd7 13. Bc2 b5 14. Bd3 {1-0 (43) Maniocha,A (2145)-Maliszewski,J (1777) Police 2014}) 11. cxd4 {The position is equal.} d5 12. e5 Ne4 13. Nc2 Be6 14. Ng5 Nxg5 15. Bxg5 Rfc8 16. Re2 h6 17. Bh4 g5 $36 {[%mdl 2048] Black is more active.} 18. Bg3 Qxb2 19. Rb1 Qxa2 20. Bxc6 (20. Ne3 $11 Qa3 21. f4) 20... bxc6 $15 21. Nb4 Qa5 $1 22. Ra2 Qd8 23. Rxa6 Rxa6 24. Nxa6 Ra8 25. Nc5 Bf5 26. Ra1 e6 27. Rxa8 Qxa8 28. h4 Qd8 29. hxg5 Qxg5 30. Qf3 Qd2 31. Qe3 {[#]} Qxe3 $1 32. fxe3 Bf8 33. Bh4 Kg7 (33... Bxc5 $17 34. dxc5 Kg7) 34. Kf2 (34. Nd7 $1 $11 {keeps the balance.}) 34... Bxc5 {Accuracy: White = 48%, Black = 73%.} 1/2-1/2

[Event "18th IRI-chT Super League 2019"]
[Site "Tehran"]
[Date "2019.11.25"]
[Round "5.7"]
[White "Asgarizadeh, Ahmad"]
[Black "Mosadeghpour, Masoud"]
[Result "1/2-1/2"]
[WhiteElo "2449"]
[BlackElo "2500"]
[Annotator "ChessBase"]
[PlyCount "34"]
[EventDate "2019.11.23"]
[EventType "team-tourn"]
[EventCountry "IRI"]
[SourceTitle "playchess.com"]
[Source "ChessBase"]
[SourceQuality "1"]
[TimeControl "5400+30"]

1. e4 {[%emt 0:01:00]} c5 {[%emt 0:01:03]} 2. Nf3 {[%emt 0:00:04]} d6 {[%emt 0:00:09]} 3. d4 {[%emt 0:00:05]} cxd4 {[%emt 0:00:07]} 4. Nxd4 {[%emt 0:00:03]} Nf6 {[%emt 0:00:08]} 5. Nc3 {[%emt 0:00:06]} Nc6 {[%emt 0:00:45]} 6. Bc4 {[%emt 0:01:30]} e5 {[%emt 0:00:54]} 7. Nf3 {[%emt 0:00:03]} Be6 {[%emt 0:00:30]} 8. Qe2 {[%emt 0:00:05]} Rc8 {[%emt 0:01:27]} 9. Nd5 {[%emt 0:09:26]} Be7 {[%emt 0:02:54]} 10. O-O {[%emt 0:00:34]} O-O {[%emt 0:03:46]} 11. Rd1 {[%emt 0:01:08]} Bxd5 {[%emt 0:06:16]} 12. Bxd5 {[%emt 0:03:20]} Nxd5 {[%emt 0:00:34]} 13. Rxd5 {[%emt 0:00:04]} Nb4 {[%emt 0:00:48]} 14. Rd2 {[%emt 0:00:05]} Qc7 {[%emt 0:00:46]} 15. c3 {[%emt 0:02:19]} Na6 {[%emt 0:00:14]} 16. Ne1 {[%emt 0:04:10]} Qc6 {[%emt 0:02:33]} 17. Nc2 {[%emt 0:03:30]} Rfd8 {[%emt 0:05:40]} 1/2-1/2

[Event "18th IRI-chT Super League 2019"]
[Site "Tehran"]
[Date "2019.11.25"]
[Round "5.8"]
[White "Mousavi, Seyed Khalil"]
[Black "Bolourchifard, Farzad"]
[Result "1/2-1/2"]
[WhiteElo "2501"]
[BlackElo "2269"]
[Annotator "TA"]
[PlyCount "99"]
[EventDate "2019.11.23"]
[EventType "team-tourn"]
[EventCountry "IRI"]
[SourceTitle "playchess.com"]
[Source "ChessBase"]
[SourceQuality "1"]

{[%evp 13,99,28,38,32,33,21,36,26,24,18,20,1,31,35,34,36,48,48,78,81,88,78,82,39,60,20,50,0,0,0,50,50,74,50,50,50,50,0,60,35,35,24,42,42,58,42,45,53,81,16,48,16,16,16,16,16,16,16,16,21,66,66,66,66,66,66,74,74,74,33,74,34,77,14,14,14,33,14,14,14,35,34,35,48,83,83,83,0]} 1. Nf3 Nf6 2. c4 e6 3. g3 b6 4. Bg2 Bb7 5. O-O c5 6. Nc3 Be7 7. d4 Ne4 8. Qd3 {A30: Symmetrical English: Double Fianchetto and Hedgehog} (8. Qc2 Nxc3 9. bxc3 Nc6 10. Rd1 Na5 11. dxc5 Bxc5 12. Ne5 Bxg2 13. Nxd7 Bc6 14. Nxc5 Qc8 15. Ne4 Bxe4 16. Qxe4 {1-0 (27) Gustafsson,J (2621)-Horvath,A (2509) Pattaya 2013}) 8... Nxc3 9. bxc3 d6 10. h4 $146 {White is slightly better.} ({Predecessor:} 10. d5 e5 11. a4 Nd7 12. e4 Qc7 13. Be3 Bc8 14. Bh3 Nf8 15. Bxc8 Qxc8 {½-½ (29) Koch,H (2295)-Silin,V (2285) ICCF email 2014}) 10... Nd7 11. d5 {White wants to play dxe6.} e5 12. Ng5 Bxg5 (12... Nf6 {feels hotter.} 13. e4 O-O 14. Nf3 Bc8 15. Nh2 Rb8) 13. Bxg5 Qc7 14. h5 f6 15. Bd2 O-O-O 16. a4 a5 17. Rab1 Kb8 18. Rb2 Ka7 19. Rfb1 Rb8 20. Bh3 Bc8 21. Qf3 h6 (21... e4 $5 22. Qxe4 Ne5 $14) 22. e4 Nf8 {[%cal Bd7f8,Bf8h7,Bh7g5][%mdl 32]} 23. Bxc8 (23. Bf5 {looks sharper.} Nh7 24. Kg2 Bd7 25. Qd1 Be8 26. Be3) 23... Qxc8 24. Kf1 Nh7 25. Ke2 Rf8 (25... Ng5 $11 26. Qf5 Qe8) 26. g4 Ng5 27. Qg2 Qd7 28. Rb5 Rfe8 29. Kd3 Rb7 30. Be3 Qc7 31. Kc2 (31. Qh1 $16) 31... Rd8 32. Kb3 Re8 33. Ka3 Rd8 34. f3 Re8 35. R5b2 Nf7 36. Qc2 Re7 37. Qb3 Re8 38. Qb5 Re7 39. Re2 Qd7 40. Qb3 Rb8 41. Qd1 Qc7 42. Reb2 Rb7 43. Rb5 ({Better is} 43. Rf2 $16) 43... Re8 $1 $11 44. Bg1 Re7 45. Qd2 Re8 46. Kb2 Re7 47. Kc2 Re8 48. Be3 Re7 49. Kd3 Re8 50. Kc2 {Accuracy: White = 45%, Black = 53%.} (50. Ke2 $16) 1/2-1/2

[Event "18th IRI-chT Super League 2019"]
[Site "Tehran"]
[Date "2019.11.25"]
[Round "5.9"]
[White "Ghaziolsharif, Kaveh"]
[Black "Golizadeh, Asghar"]
[Result "1/2-1/2"]
[WhiteElo "2189"]
[BlackElo "2457"]
[Annotator "TA"]
[PlyCount "48"]
[EventDate "2019.11.23"]
[EventType "team-tourn"]
[EventCountry "IRI"]
[SourceTitle "playchess.com"]
[Source "ChessBase"]
[SourceQuality "1"]

{[%evp 19,48,61,49,50,51,56,51,-53,65,61,93,89,107,59,87,104,104,108,105,109,118,108,111,102,109,105,106,102,97,66,51]} 1. e4 c5 2. Nf3 e6 3. d4 cxd4 4. Nxd4 a6 5. Bd3 Nf6 6. Qe2 d6 7. c4 Qc7 8. Nc3 g6 9. O-O Bg7 10. Be3 O-O 11. Rac1 {B42: Sicilian: Kan Variation: 5 Bd3} Nc6 (11... Nbd7 12. Rfd1 b6 13. f3 Bb7 14. Qd2 Rac8 15. Bf1 Rfd8 16. b4 Qb8 17. Na4 Bf8 18. Nb3 Bc6 19. Nc3 Ba8 20. Qf2 Ne5 21. Na4 d5 22. exd5 exd5 23. Bxb6 dxc4 24. Rxd8 Rxd8 25. Bxd8 Qxd8 26. Bxc4 {½-½ (34) Bok,B (2598)-Artemiev,V (2653) Doha 2016}) 12. Rfd1 Bd7 13. f3 $146 (13. h3 $14) ({Predecessor:} 13. Kh1 Rac8 14. b3 Ne5 15. f3 Qa5 16. Bb1 Rfe8 17. Qd2 h5 18. Nde2 Rc6 {1-0 (37) Paramzina,A (2231)-Guerrero Sierra,J (2343) Moscow 2018}) 13... Rfe8 (13... Nxd4 $1 $15 14. Bxd4 Ng4 {[%mdl 64] Discovered Attack}) 14. Qf2 Ne5 15. Be2 Rac8 16. b3 Qb8 17. h3 h6 18. f4 Nc6 19. Bf3 Nxd4 20. Bxd4 {Strongly threatening e5.} Bc6 21. e5 dxe5 22. Bxe5 Qa8 23. Bxc6 bxc6 24. Qh4 Qa7+ {Accuracy: White = 63%, Black = 53%.} 1/2-1/2

[Event "18th IRI-chT Super League 2019"]
[Site "Tehran"]
[Date "2019.11.25"]
[Round "5.10"]
[White "Mahdian, Anousha"]
[Black "Alavi, Homa"]
[Result "1-0"]
[WhiteElo "2187"]
[BlackElo "2017"]
[Annotator "TA"]
[PlyCount "91"]
[EventDate "2019.11.23"]
[EventType "team-tourn"]
[EventCountry "IRI"]
[SourceTitle "playchess.com"]
[Source "ChessBase"]
[SourceQuality "1"]

{[%evp 14,91,61,57,57,50,61,56,113,63,143,143,142,138,139,131,141,131,139,139,153,139,153,132,132,132,162,151,180,160,155,124,188,193,214,214,253,256,291,286,297,297,307,302,400,304,308,296,377,359,373,360,377,375,352,334,317,310,272,268,287,268,308,262,180,110,344,185,217,0,991,984,1102,1070,2361,2314,1835,1258,1189,1159]} 1. d4 Nf6 2. c4 g6 3. Nc3 Bg7 4. e4 d6 5. Be2 O-O 6. Be3 ({Predecessor:} 6. h4 e5 7. d5 h6 8. Be3 Nbd7 9. Qd2 Kh7 10. g4 Nc5 11. f3 {1-0 (65) Pardo,A (2253)-Barros,R (2167) Medellin 2014}) 6... e5 7. d5 Nbd7 8. g4 Nc5 {E73: King's Indian: Averbakh Variation without 6...c5} 9. f3 a5 10. h4 h6 $146 (10... h5 $14) (10... h5 11. g5 Nh7 12. Kd2 Bd7 13. Nh3 c6 14. Nf2 cxd5 15. exd5 f5 16. gxf6 Nxf6 17. Bxc5 dxc5 {0-1 (37) Vallejo Pons,F (2705)-Radjabov,T (2741) Palma de Mallorca 2017}) 11. Qd2 Kh7 (11... h5 $14) 12. h5 $16 g5 13. Nh3 Ng8 14. Nf2 b6 15. Nfd1 Bd7 16. Nb5 Kh8 17. Ndc3 Be8 18. Kf2 Bd7 19. Kg2 f6 20. Qc2 Qb8 21. Rhd1 Ne7 22. a3 Na6 (22... a4 $16 {might work better.} 23. Bxc5 bxc5 24. Nxa4 Kh7) 23. Rab1 $18 Qd8 24. b4 axb4 25. axb4 Nc8 26. Qb3 Ne7 27. Ra1 f5 28. exf5 Bxf5 29. Ne4 Bxe4 30. fxe4 Ng8 31. Nc3 Qc8 32. Ra3 Rf4 33. Bxf4 exf4 34. Rda1 Nf6 35. Qd1 Nd7 36. c5 bxc5 37. Rxa6 Rxa6 38. Rxa6 Bxc3 39. b5 ({Better is} 39. Ra7 $18 {Threatens to win with Qa4.} Qb8 40. Qa4) 39... Ne5 $2 (39... Bf6 $16) 40. Qa4 (40. Qc1 $142 f3+ 41. Bxf3 Nxf3 42. Kxf3 (42. Qxc3+ Ne5 $16)) 40... Kg7 {[#]} ({Not} 40... Nxg4 $2 41. Ra8 $18) 41. b6 $2 (41. Ra7 $1 $18 f3+ 42. Bxf3 Nxf3 43. Kxf3) 41... Nxg4 $2 {[%mdl 8192]} (41... f3+ $11 42. Bxf3 Qf8) 42. Ra7 {White is clearly winning.} f3+ 43. Bxf3 Ne3+ 44. Kf2 Qh3 {[#]} 45. Qd7+ $1 {[%mdl 576] Promotion} Qxd7 46. Rxc7 {Accuracy: White = 68%, Black = 41%.} 1-0